000 00586nam a2200181Ia 4500
999 _c53430
_d53430
003 GCL
005 20240530105131.0
008 140319s9999 xx 000 0 ara d
040 _aGCL /
_cGCL
082 0 4 _a228.15
_bش ا
100 1 _aشمس الدين الفاسى
245 1 0 _aايات سماوية فى الرد على كتاب ايات شيطانية /
_cشمس الدين لافاسى
260 _a[S.N] :
_bدار مايو الوطنية للنشر ،
_c1989
300 _a111 ص
650 0 4 _aالقران
700 1 _aشمس الدين الفاسى
942 _2ddc
_cBK